000 01101cam a2200229 4500
001 L159483
008 040913n2016 000 0 eng u
035 _a(Sirsi) u159483
041 _aeng
110 2 _aRoyal Institution of Chartered Surveyors
_94900
245 0 0 _aBuilding inclusivity
_blaying the foundations for the future
_h[electronic resource]
260 _aLondon
_bRICS
_c2016
300 _a25p.
490 0 _aRICS Research
520 _aLooks at all aspects of diversity and inclusion in the land, property and construction sector. The data was provided by UK firms who have signed up to RICS Inclusive Employer Quality Mark and are committed to changing their diversity profile. The data allows the sector to see how it measures up against other sectors and provides a baseline from which it can track its achievements.L159
650 2 4 _aABOUT RICS
650 2 4 _aDIVERSITY
651 4 _aUnited Kingdom
_y
710 1 _aErnst & Young
_94001
856 4 8 _uhttps://www.rics.org/Global/building_inclusivity_280616_rt.PDF
_zView the item free of charge from www.rics.org
942 _n0
999 _c115943
_d115943